01000nam a2200265 i 450000100060000000300090000600500170001500700030003200800410003502000180007604000220009408000390011608000380015510000430019324500780023625000120031426000690032630000490039550000350044460000430047970000360052285200350055899900170059395201240061012560ES-MaACL20230906150338.0t|970218s1996 sp ||||0| spa j a84-01-37579-7 aM-BN bspa cM-BN a929 Gorbachiov, Mijail Sergueevich a32 Gorvachiov, Mijail Sergueevich1 aGorbachiov, Mijail Sergueevich.95912910aMemorias / cMijaíl Gorbachov ; traducción de José Luis Gil Aristu. a1ª ed. aBarcelona : bCírculo de Lectores : bPlaza & Janés, c1996. a2 v. (1417 p., [16] p. de lám.) ; c23 cm. aTraducción de: Erinnerungen.14aGorbachiov, Mijail Sergueevich.9591291 aGil Aristu, José Luis.956766 aES-MaACLjL-19887-8 bR.126168 c12560d12560 00104070aATENEOMbATENEOMcDEPO2d2008-01-17eSCl0oL-19887-8p1012796r2023-02-23 00:00:00w2023-02-23yMONOGRAFIA